Inclusión de la Dimensión Ambiental en el Currículo Escolar : (Registro nro. 8940)
[ vista simple ]
| 000 -CABECERA | |
|---|---|
| Campo de control | 00889nam a22002177a 4500 |
| 005 - FECHA Y HORA DE LA ULTIMA TRANSACCION | |
| Campo de control | 20200104041631.0 |
| 008 - ELEMENTOS DE LONGITUD FIJA—INFORMACION GENERAL | |
| Campo de control | 150109b2011 ck || |r|||| 00| 0 spa d |
| 040 ## - FUENTE DE CATALOGACIÓN | |
| Agencia catalogadora original | CO-BoIAVH |
| Agencia transcriptora | CO-BoIAVH |
| 041 ## - IDIOMA | |
| Código de idioma para texto/pista de sonido o título separado | Español |
| 044 ## - PAÍS DE PUBLICACIÓN | |
| País de publicación | Colombia |
| 090 ## - CLASIFICACIÓN LOCAL | |
| Colección | EA |
| Consecutivo | 00240 |
| 110 1# - ASIENTO PRINCIPAL--NOMBRE CORPORATIVO | |
| Nombre corporativo o de jurisdicción como elemento de entrada | Colombia |
| Unidad subordinad | Corporación Autónoma Regional de Cundinamarca-CAR |
| 245 1# - MENCION DE TITULO | |
| Título | Inclusión de la Dimensión Ambiental en el Currículo Escolar : |
| Parte restante del título | A través de la transversalización del Proyecto Ambiental Escolar PRAE |
| 260 ## - PUBLICACION, DISTRIBUCION, ETC. (PIE DE IMPRENTA) | |
| Lugar de publicación, distribución, etc. | Bogotá D.C : |
| Nombre del editor, distribuidor, etc. | Corporación Autónoma Regional de Cundinamarca-CAR, |
| -- | Asociación Ambiental Nueva Era-ASOAN, |
| Fecha de publicación, distribución, etc. | 2011. |
| 300 ## - DESCRIPCION FISICA | |
| Extensión | 77 pag |
| Otros detalles físicos | Fot, il |
| Dimensiones | 28 cm |
| 650 #4 - ASIENTO SECUNDARIO DE MATERIA - TERMINO TEMATICO | |
| Término temático o nombre geográfico como elemento de entrada | Educación ambiental |
| 650 #4 - ASIENTO SECUNDARIO DE MATERIA - TERMINO TEMATICO | |
| Término temático o nombre geográfico como elemento de entrada | Protección de los recursos naturales |
| Subdivisión general | Enseñanza |
| 650 #4 - ASIENTO SECUNDARIO DE MATERIA - TERMINO TEMATICO | |
| Término temático o nombre geográfico como elemento de entrada | Cultura ambiental |
| Subdivisión de forma | Proyectos |
| 650 ## - ASIENTO SECUNDARIO DE MATERIA - TERMINO TEMATICO | |
| Término temático o nombre geográfico como elemento de entrada | Niños y medio ambiente |
| 942 ## - ELEMENTOS ADICIONALES (KOHA) | |
| Sistema de clasificación | Local |
| Tipo de ítem | Libro |
| Withdrawn status | Lost status | Sistema de Clasificación | Damaged status | No para préstamo | Colección | Inventariado | Ubicación Permanente | Ubicación actual | Fecha de adquisición | Fuente de Valor | Valor | Total Checkouts | Número topográfico | Inventario / Código de Barras | Date last seen | Ejemplar | Price effective from | Forma de adquisición | Tipo de material |
|---|---|---|---|---|---|---|---|---|---|---|---|---|---|---|---|---|---|---|---|
| Local | Educación Ambiental | Inventariado 2017 | Sala Fabio Quevedo | Sala Fabio Quevedo | 09/01/2015 | Instituto | 39000.00 | EA-00240 | 029565 | 09/01/2015 | Ej. 1 | 09/01/2015 | Libro | ||||||
| Local | Educación Ambiental | Inventariado 2017 | Sala Fabio Quevedo | Sala Fabio Quevedo | 09/01/2015 | Instituto | 39000.00 | EA-00240 | 029566 | 09/01/2015 | Ej. 2 | 09/01/2015 | Libro |